Skip to content
VuFind
All Fields
Title
Author
Subject
Call Number
ISBN/ISSN
Tag
Find
Advanced
The work of oscar wild
Cite this
Print
Export Record
Export to RefWorks
Export to EndNoteWeb
Export to EndNote
Export to MARC
The work of oscar wild
Bibliographic Details
Format:
Book
Holdings
Description
Similar Items
Staff View
MARC
LEADER
00000cam a2200000 7i4500
001
0000008482
002
000009243
005
20000330.0
020
|a
0861366530
090
0
0
|a
F
|b
WOR
245
1
0
|a
The work of oscar wild
999
|a
0002178
|b
BUKU
|c
PINJAMAN
|e
PERPUSTAKAAN KOMUNITI PETALING JAYA
Similar Items
Oscar Wilde : a life in letters
Published: (2003)
Oscar Wilde's : the picture of Dorian Gray
by: Morhain
Published: (2020)
Oscar wilde collection
Published: (2005)
Ms. Wilde and oscar
by: Callen, Sharon
Published: (2014)
Oscar wilde and the candlelight murders
by: Brandeth, Gyles
Published: (2008)